| 000 | 00446nam a22001697a 4500 | ||
|---|---|---|---|
| 003 | CEME | ||
| 005 | 20210628203154.0 | ||
| 008 | 210223b xxu||||| |||| 00| 0 eng d | ||
| 020 | _a0-964092-2-8 | ||
| 040 | _c. | ||
| 082 | _a363.8 TOW | ||
| 100 |
_aAnwar Dil _9360 |
||
| 245 | _aToward eradicating hunger and poverty, life and work of per pinstrup andersen | ||
| 260 |
_aISLAMABAD _bINTERNATIONAL _c2003 |
||
| 300 | _a616P | ||
| 942 |
_cBK _2ddc |
||
| 999 |
_c572479 _d572479 |
||